| 000 | 00600nam a2200217 a 4500 | ||
|---|---|---|---|
| 001 | BRL_197 | ||
| 005 | 20190320210630.0 | ||
| 008 | 121212s1971----mx-a######---#000-0#spa-u | ||
| 050 | 4 |
_aF1391.T3 _b.L49 1971 |
|
| 100 | 1 |
_aLewis, Oscar _910487 |
|
| 245 | 1 | 0 |
_aTepoztlán un pueblo de México _cpor Oscar Lewis. |
| 250 | _a2 | ||
| 260 |
_aMéxico _bJoaquín Mortiz _c1971 |
||
| 300 |
_a221 p. _bil. _c21 cm. |
||
| 500 | _aAu225 | ||
| 500 | _aTraduccion de: Tepoztlan, village of Mexico | ||
| 504 | _aBibliografía: p. 219 | ||
| 651 | 4 |
_aTepoztlán (México) _99545 |
|
| 902 | _aGRL | ||
| 942 |
_2lcc _cB |
||
| 999 |
_c9010 _d9010 |
||